<?xml version="1.0" encoding="UTF-8"?>
<record
    xmlns:xsi="http://www.w3.org/2001/XMLSchema-instance"
    xsi:schemaLocation="http://www.loc.gov/MARC21/slim http://www.loc.gov/standards/marcxml/schema/MARC21slim.xsd"
    xmlns="http://www.loc.gov/MARC21/slim">

  <leader>00855nam a22002297a 4500</leader>
  <datafield tag="952" ind1=" " ind2=" ">
    <subfield code="a">0001</subfield>
    <subfield code="b">0001</subfield>
    <subfield code="d">2022-10-19</subfield>
    <subfield code="l">0</subfield>
    <subfield code="o">CHP 320.9561 C36i 2021</subfield>
    <subfield code="p">020583</subfield>
    <subfield code="r">2022-10-19 00:00:00</subfield>
    <subfield code="w">2022-10-19</subfield>
    <subfield code="y">BKS</subfield>
  </datafield>
  <datafield tag="999" ind1=" " ind2=" ">
    <subfield code="c">15041</subfield>
    <subfield code="d">15041</subfield>
  </datafield>
  <controlfield tag="003">MIRAKIL</controlfield>
  <controlfield tag="005">20221019163121.0</controlfield>
  <controlfield tag="008">221019b        tu ||||| |||| 00| 0 tur d</controlfield>
  <datafield tag="040" ind1=" " ind2=" ">
    <subfield code="a">TR-AnCHP</subfield>
    <subfield code="c">TR-AnCHP</subfield>
  </datafield>
  <datafield tag="041" ind1=" " ind2=" ">
    <subfield code="a">Tur</subfield>
  </datafield>
  <datafield tag="082" ind1=" " ind2=" ">
    <subfield code="a">CHP 320.9561</subfield>
    <subfield code="b">C36i 2021</subfield>
  </datafield>
  <datafield tag="110" ind1=" " ind2=" ">
    <subfield code="a">Cumhuriyet Halk Partisi (CHP)</subfield>
  </datafield>
  <datafield tag="245" ind1="1" ind2="0">
    <subfield code="a">&#x130;kinci y&#xFC;zy&#x131;lda demokrasi in&#x15F;aas&#x131;:</subfield>
    <subfield code="b">G&#xFC;&#xE7;l&#xFC;, demokratik ve s&#xFC;rd&#xFC;r&#xFC;lebilir yerel y&#xF6;netim/</subfield>
    <subfield code="c">CHP</subfield>
  </datafield>
  <datafield tag="246" ind1=" " ind2=" ">
    <subfield code="a">G&#xFC;&#xE7;l&#xFC;, demokratik ve s&#xFC;rd&#xFC;r&#xFC;lebilir yerel y&#xF6;netim</subfield>
  </datafield>
  <datafield tag="260" ind1=" " ind2=" ">
    <subfield code="a">Ankara;</subfield>
    <subfield code="b">CHP</subfield>
    <subfield code="c">2021.</subfield>
  </datafield>
  <datafield tag="300" ind1=" " ind2=" ">
    <subfield code="a">51 s.:</subfield>
    <subfield code="c">30 sm.</subfield>
  </datafield>
  <datafield tag="610" ind1=" " ind2="0">
    <subfield code="9">5196</subfield>
    <subfield code="a">Cumhuriyet Halk Partisi (CHP)</subfield>
    <subfield code="x">Propaganda ve ideolojiler</subfield>
  </datafield>
  <datafield tag="610" ind1=" " ind2="0">
    <subfield code="9">5196</subfield>
    <subfield code="a">Cumhuriyet Halk Partisi (CHP)</subfield>
    <subfield code="x">Yerel y&#xF6;netimler</subfield>
  </datafield>
  <datafield tag="650" ind1=" " ind2="0">
    <subfield code="9">9</subfield>
    <subfield code="a">Siyaset ve y&#xF6;netim</subfield>
    <subfield code="x">T&#xFC;rkiye</subfield>
  </datafield>
  <datafield tag="740" ind1=" " ind2=" ">
    <subfield code="a">G&#xFC;&#xE7;l&#xFC;, demokratik ve s&#xFC;rd&#xFC;r&#xFC;lebilir yerel y&#xF6;netim</subfield>
  </datafield>
  <datafield tag="942" ind1=" " ind2=" ">
    <subfield code="2">ddc</subfield>
    <subfield code="c">BKS</subfield>
  </datafield>
</record>
